Movies Quiz

Random Movies Quiz

Fred Astaire and Ginger Rogers Movies Quiz Stats

 Plays Quiz not verified by Sporcle

Challenge
Share
Tweet
Embed
Score 0/10 Timer 05:00
0 Plays Today
Year Movie % Correct
1935Top Hat
97.2%
1933Flying Down to Rio
94.5%
1936Swing Time
94.5%
1937Shall We Dance
92.7%
1936Follow the Fleet
89.9%
1949The Barkleys of Broadway
89%
1934The Gay Divorcee
88.1%
1938Carefree
88.1%
1935Roberta
86.2%
1939The Story of Vernon and Irene Castle
84.4%

You're not logged in!

Compare scores with friends on all Sporcle quizzes.
Join for Free
OR
Log In

You Might Also Like...

Show Comments

Extras

Top Quizzes Today


Score Distribution

Your Account Isn't Verified!

In order to create a playlist on Sporcle, you need to verify the email address you used during registration. Go to your Sporcle Settings to finish the process.

Report this User

Report this user for behavior that violates our Community Guidelines.

Details: